Advances in archaeological practice

"As one of the principal SAA journals, Advances in Archaeological Practice is the premier place to publish original scholarly work on how archaeologists learn about the past, convey findings in the present, or manage resources for the future. Articles are short, succinct, and problem-oriented, offer...

Descripción completa

Detalles Bibliográficos
Autores Corporativos: Society for American Archaeology, Cambridge University Press
Formato: Electrónico Revista
Lenguaje:inglés
Publicado: Washington, DC : Society for American Archaeology, 2013-
Materias:
Acceso en línea:Full text available from Research Library: 02/01/2017 to 1 year ago

MARC

LEADER 00000nas a2200000 i 4500
001 ssj0001034074
003 WaSeSS
005 20200512172242.0
006 m d
007 cr n
008 130130c20139999dcuqr p s 0 a0eng
010 |a  2013200177 
015 |a GBB774240  |2 bnb 
016 7 |a 018119715  |2 Uk 
022 |a 2326-3768  |l 2326-3768 
035 |a (WaSeSS)ssj0001034074 
037 |b Society for American Archaeology, 1111 14th St., NW, Suite 800, Washington, DC 20005 
040 |a DLC  |b eng  |e pn  |c DLC  |d OCLCQ  |d WAU  |d DLC  |d CUD  |d HUL  |d OCLCF  |d HUL  |d CUS  |d DLC  |d NLE  |d UKMGB  |d VT2  |d UAB  |d WaSeSS 
042 |a pcc  |a nsdp 
050 0 0 |a CC75 
050 1 4 |a CC75  |b .A26 
082 1 0 |a 609.009  |2 23 
210 0 |a Adv. archaeol. pract. 
222 0 |a Advances in archaeological practice 
245 0 0 |a Advances in archaeological practice  |h [electronic resource]. 
246 3 |a Archaeological practice 
246 3 |a Journal of the Society of American archaeology 
260 |a Washington, DC :  |b Society for American Archaeology,  |c 2013- 
310 |a Quarterly 
362 1 |a Began with Volume 1, number 1 (August 2013). 
506 |a License restrictions may limit access. 
515 |a Volume 1 consists of only 2 issues because publication began half way through a calendar year. 
520 |a "As one of the principal SAA journals, Advances in Archaeological Practice is the premier place to publish original scholarly work on how archaeologists learn about the past, convey findings in the present, or manage resources for the future. Articles are short, succinct, and problem-oriented, offering tangible take-aways that can be applied quickly to the day-to-day work of archaeologists in academia, government, and private practice. "Practice" is defined broadly and topics may include, but are not limited to, innovations in approach, technique, method, technology, models, collaboration, compliance, process, ethics, public engagement, stewardship, and training."--Publisher's website. 
588 |a Description based on: Volume 1, number 1 (August 2013); title from caption (SAA website, viewed on January 22, 2015). 
588 |a Latest issue consulted: Volume 5, issue 3 (August 2017) (Cambridge Core website, viewed on October 17, 2017). 
650 0 |a Archaeology  |x Methodology  |v Periodicals. 
650 7 |a Archaeology  |x Methodology.  |2 fast  |0 (OCoLC)fst00812969 
655 0 |a Electronic journals. 
710 2 |a Society for American Archaeology. 
710 2 |a Cambridge University Press. 
850 |a DLC 
856 4 0 |z Full text available from Research Library: 02/01/2017 to 1 year ago  |u https://search.proquest.com/publication/2046274